000 00580nam a22002051a 4500
003 NEGST
005 20160526020002.0
008 030612s1971 nyu 001 0 eng d
020 _a670003360
100 1 _aBrown, George Isaac.
245 1 0 _aHuman teaching for human learning :
_ban introduction to confluent education /
_cGeorge Isaac Brown.
_h[Text]
260 _aNew York
_bViking
_cc1971
300 _axvii, 298p.
500 _aIncludes bibliography.
590 _aAccession number: 19509
650 0 _aTeaching.
650 0 _aLearning.
942 0 0 _03
999 _c35282
_d35282